00358pab a2200133 454500008004000000100001600040245006600056260000900122300001100131362001200142650002900154650002100183773002000204180718b2012 xxu||||| |||| 00| 0 eng d aPowar, K.B. aInternationalization of higher education: The Indian scenario c2012 ap.1-6. a18 June aHigher education - India aHigher education aUniversity News